Horseback riding for the disabled : a study of public programming /

Bibliographic Details
Main Author: Ferguson, Joy Elizabeth, 1960-
Format: Thesis Book
Language:English
Published: [Place of publication not identified] : [publisher not identified] ; 1986.
Subjects:

MARC

Tag First Indicator Second Indicator Subfields
LEADER 00000cam a2200000 a 4500
001 in00000007396
005 20151005080004.0
008 880225s1986 xx b 00010 eng d
035 |a (OCoLC)17540240 
035 |9 AAA1887AM 
040 |a TXA  |c TXA  |d UtOrBLW 
049 |a TXAZ [Also in] [Archives]  |c 1 [A10033947], 2 [A10033955] 
099 |a 1986  |a Thesis  |a F352 
100 1 |a Ferguson, Joy Elizabeth,  |d 1960- 
245 1 0 |a Horseback riding for the disabled :  |b a study of public programming /  |c by Joy Elizabeth Ferguson. 
264 1 |a [Place of publication not identified] :  |b [publisher not identified] ;  |c 1986. 
300 |a vii, 46 leaves ;  |c 28 cm. 
336 |a text  |b txt  |2 rdacontent 
337 |a unmediated  |b n  |2 rdamedia 
338 |a volume  |b nc  |2 rdacarrier 
500 |a Typescript (photocopy). 
502 |b M. Ag.  |c Texas A&M University  |d 1986. 
500 |a Vita. 
504 |a Bibliography: leaves 44-45. 
500 |a "Major subject: Recreation and Resource Development." 
650 0 |a Horsemanship for people with disabilities. 
650 0 |a People with disabilities  |x Recreation. 
650 0 |a Horsemanship  |x Therapeutic use. 
650 4 |a Major recreation and resources development. 
999 |a MARS 
999 f f |s e3e3efcc-2112-3eb2-ad01-fdef55450268  |i d5fdc578-8a7d-3923-b2b1-cb8819001d77  |t 0 
952 f f |p noncirc  |a Texas A&M University  |b J.J. Pickle Campus  |c High Density Repository  |d Remote Storage  |t 0  |e 1986 Thesis F352  |h Other scheme  |i unmediated -- volume  |m A14839610499 
998 f f |a 1986 Thesis F352  |t 0  |l Remote Storage